Kadra reprezentacji Brazylii na Mistrzostwa Świata 2026 - Statystyki

Ogólne statystyki
  • Ten quiz został rozwiązany 23 razy
  • Średni wynik to 14 z 26
Statystyki odpowiedzi
Pozycja Klub Zawodnik % Poprawnych
Bramkarz Liverpool Alisson
95%
Pomocnik Manchester United Casemiro
86%
Bramkarz Fenerbahce Ederson
82%
Napastnik Brentford Igor Thiago
82%
Napastnik Real Madryt Vinicius Junior
82%
Obrońca Juventus Bremer
77%
Napastnik Santos Neymar
77%
Pomocnik FC Barcelona Raphinha
77%
Napastnik Manchester United Matheus Cunha
68%
Obrońca PSG Marquinhos
64%
Pomocnik Newcastle United Bruno Guimarães
59%
Napastnik Olympique Lyon Endrick
59%
Obrońca AS Roma Wesley
55%
Obrońca Flamengo Alex Sandro
50%
Obrońca Flamengo Danilo
50%
Pomocnik Botafogo Danilo
50%
Pomocnik Arsenal Gabriel Martinelli
50%
Pomocnik Al-Ittihad Fabinho
45%
Obrońca Arsenal Gabriel Magalhães
45%
Bramkarz Grêmio Weverton
45%
Pomocnik Zenit Sankt Petersburg Luiz Henrique
32%
Pomocnik Bournemouth Rayan
27%
Pomocnik Flamengo Lucas Paquetá
23%
Obrońca Al-Ahli Roger Ibañez
18%
Obrońca Zenit Sankt Petersburg Douglas Santos
14%
Obrońca Flamengo Léo Pereira
9%
Nie znaleziono quizów pasujących do podanych kryteriów
Rozkład punktacji
Procent ludzi z każdym wynikiem
Percentyl według liczby udzielonych odpowiedzi
Twoja historia wyników
Nie rozwiązałeś tego quizu